00690pam a2200205 a 4500020002400000082002500024100002700049245004100076250001200117260000800129260005200137300003800189500004600227500002000273526003700293650002800330942001200358999001900370952009500389 a0156015250 (pbk.) :00a516.3bSELcL-2 P-281 aSelby, Peter H.93940910aAnalytic geometry /cPeter H. Selby. a1st ed. aMCE aSan Diego :bHarcourt Brace Jovanovich,cc1986. ax, 249, [10] p. :bill. ;c28 cm. aIncludes 10 geometrical graph work pages. aIncludes index. a0b0c0d516_300000000000000_SEL 0aGeometry, Analytic.957 2ddccBK c543908d543908 00102ddc4070aMCEbMCEd2014-04-07l0o516.3 SELpMCE-16032r2014-04-07w2014-04-07yBK